LEADER 01429nas0 2200385 450 001 990000815290203316 035 $a0081529 035 $aUSA010081529 035 $a(ALEPH)000081529USA01 035 $a0081529 100 $a20020313a--------km-y0itay01------ba 101 $aeng$arus$afre 102 $aUS 110 $aaka ||||||| 200 1 $aAnnual bulletin of housing and building statistics for Europe$fEconomic commission for Europe 210 $aNew York$cUnited Nations 215 $av$d30 cm 326 $aAnnuale 440 1$10010081530$12001$aAnnual bulletin of housing and building statistics for Europe and North America$fEconomic Commission for Europe, Geneva 510 1 $aBulletin annuel de statistiques du logement et de la construction pour l'Europe 510 1 $aEzegodnyj bjulletin evropeisko ziliscoj i stroitel'noj statistiki 676 $a301.54 712 02$aNazioni Unite$b: Economic commission for Europe 801 0$aIT$bsalbc$gISBD 912 $a990000815290203316 958 $aECO$c25(1981)- 959 $aSE 979 $aPATTY$b90$c20011220$lUSA01$h1209 979 $aPATTY$b90$c20020313$lUSA01$h1116 979 $aPATTY$b90$c20020313$lUSA01$h1117 979 $aPATTY$b90$c20020313$lUSA01$h1118 979 $c20020403$lUSA01$h1727 979 $aPATRY$b90$c20040406$lUSA01$h1656 996 $aAnnual bulletin of housing and building statistics for Europe$9966908 997 $aUNISA LEADER 01090nam a2200325 i 4500 001 991001405969707536 005 20020507192904.0 008 961014s1974 de ||| | eng 020 $a3540070125 035 $ab1084319x-39ule_inst 035 $aLE01311795$9ExL 040 $aDip.to Matematica$beng 082 0 $a519.233 084 $aAMS 60J25 084 $aAMS 60J45 100 1 $aSilverstein, Martin L.$057148 245 10$aSymmetric Markov processes /$cMartin L. Silverstein 260 $aBerlin :$bSpringer-Verlag,$c1974 300 $ax, 287 p. ;$c25 cm 490 0 $aLecture notes in mathematics,$x0075-8434 ;$v426 500 $aBibliography: p. 271-275 500 $aIncludes index 650 0$aMarkov processes 650 0$aPotential theory 907 $a.b1084319x$b23-02-17$c28-06-02 912 $a991001405969707536 945 $aLE013 60J SIL11 (1974)$g1$i2013000063706$lle013$o-$pE0.00$q-$rl$s- $t0$u1$v0$w1$x0$y.i10953371$z28-06-02 996 $aSymmetric Markov processes$981382 997 $aUNISALENTO 998 $ale013$b01-01-96$cm$da $e-$feng$gde $h0$i1